Planning, politics and the state: political foundations of planning thought (Record no. 347857)

000 -LEADER
fixed length control field 00447cam a22001577a 4500
008 - FIXED-LENGTH DATA ELEMENTS--GENERAL INFORMATION
fixed length control field 180718b1991 xxu||||| |||| 00| 0 eng d
082 ## - DEWEY DECIMAL CLASSIFICATION NUMBER
Classification number B2 L95
100 ## - MAIN ENTRY--PERSONAL NAME
Personal name Low, N.P.
245 ## - TITLE STATEMENT
Title Planning, politics and the state: political foundations of planning thought
Statement of responsibility, etc. by N.P. Low
260 ## - PUBLICATION, DISTRIBUTION, ETC.
Place of publication, distribution, etc. London
Name of publisher, distributor, etc. Unwin Hyman
Date of publication, distribution, etc. 1991
300 ## - PHYSICAL DESCRIPTION
Extent xiv,313p.
500 ## - GENERAL NOTE
General note rs.399.6.
650 ## - SUBJECT ADDED ENTRY--TOPICAL TERM
Topical term or geographic name entry element Political economy
650 ## - SUBJECT ADDED ENTRY--TOPICAL TERM
Topical term or geographic name entry element State
650 ## - SUBJECT ADDED ENTRY--TOPICAL TERM
Topical term or geographic name entry element Political science
Holdings
Withdrawn status Lost status Damaged status Not for loan Permanent Location Current Location Date acquired Full call number Barcode Date last seen Price effective from Koha item type
        Indian Institute of Public Administration Indian Institute of Public Administration 1993-10-20 B2 L95 65380 2018-07-21 2018-07-21 Book

Powered by Koha